000
00335nam a22001457a 4500
003
OSt
008
240130b |||||||| |||| 00| 0 eng d
020
_a
9781603241067
082
_a
004 BAM
100
_a
BASHIR,Imran
245
_a
Mastering Blockchain
260
_a
UK
_b
Packt Publishing Ltd
_c
2020
300
_a
783
942
_2
ddc
_c
BK
999
_c
12207
_d
12207